Depozitár nie je skriňa
Depozitár - banka, v ktorej sa ukladajú finančné prostriedky, alebo cenné papiere zvyčajne podľa špecifickej vkladovej dohody - prispieva k rozvoju a stabilite kolektívneho investovania. Jeho funkcia upravená zákonom č.248/1992 Zb. o investičných spoločnostiach a investičných fondoch. Dôvody, pre kt...
Saved in:
| Main Author: | |
|---|---|
| Format: | Book Chapter |
| Language: | Slovak |
| Subjects: | |
| Tags: |
No Tags, Be the first to tag this record!
|
MARC
| LEADER | 00000naa a2200000 4500 | ||
|---|---|---|---|
| 001 | r000872 | ||
| 005 | 20221205091108.9 | ||
| 041 | 0 | |a slo | |
| 044 | |a SK | ||
| 245 | 1 | 0 | |a Depozitár nie je skriňa |c I. Ďurič |
| 520 | |a Depozitár - banka, v ktorej sa ukladajú finančné prostriedky, alebo cenné papiere zvyčajne podľa špecifickej vkladovej dohody - prispieva k rozvoju a stabilite kolektívneho investovania. Jeho funkcia upravená zákonom č.248/1992 Zb. o investičných spoločnostiach a investičných fondoch. Dôvody, pre ktoré autor nepokladá za šťastné rozhodnutie o tom, že jeho funkciu môžu vykonávať len banky. | ||
| 610 | 2 | 0 | |a spoločnosti investičné |
| 610 | 2 | 0 | |a fondy investičné |
| 610 | 2 | 0 | |a banky |
| 610 | 2 | 0 | |a účty bankové |
| 610 | 2 | 0 | |a kontrola |
| 610 | 2 | 0 | |a obchody burzové |
| 610 | 2 | 0 | |a Slovensko |
| 100 | 1 | |a Ďurič, I. | |